Datum a čas kvízu
27.5
Celkem bodů
Celkový počet nahraných bodů na tomto kvízu bez doplňovacích otázek.
7.
Pořadí na kvízu
Konečné umístění týmu na tomto kvízu.
Zaznamenané odpovědi
| # | Otázka | Odpověď | Body | Výsledky |
|---|---|---|---|---|
| 1. | Který sběratelský předmět byl... | poštovní známka | 1 | |
| 2. | V úterý se v jisté evropské mo... | Španělsko, princezna Leonor | 0.5 | |
| 3. | Ve čtvrtek měla premiéru horor... | Přišla v noci | 0 | |
| 4. | Minulý týden otevřel jistý ame... | Popeye's | 1 | |
| 5. | Že v sobotním vyhlašování anke... | Tomáš Staněk | 0 | |
| -14. | O které významné ženě 18. stol... | o Marii Antoinettě | 0 | |
| -13. | Přívlastkové víno, k jehož výr... | výběr z cibéb | 0 | |
| -14. | Jak se v antické mytologii jme... | Dionýsos | 0 | |
| -11. | Seřaďte státy níže podle množs... | 1D 2A 3B 4C | 0 | |
| -10. | Snaha zabránit plýtvání při zp... | grappa | 0 |